Statistics for GTA IV QUIZ

Click here to take the quiz!

General Stats

  • This quiz has been taken 1,191 times
  • The average score is 7 of 14

Answer Stats

HintAnswer% Correct
What is the main characters name?Niko
98%
Name the map.Liberty City
87%
What is the name of your cousin in-game?Roman
80%
What's the name of the main characters first Girlfriend?Michelle
68%
Name a beach starting with 'H'Hove
61%
Name a sports car starting with 'T'Turismo
55%
Name a sports car starting with 'C'Comet
53%
What text does the police patrol have written on the side?LCPD
46%
What is the name of the island off-shore starting with 'H'Happiness
37%
What is the name of a motorbike starting with 'N'NRG
35%
The name of an attack helicopter starting with 'A'Annihilator
33%
Give the initials of the one airport (3 letters)FIA
31%
Name a regular Joy-flight helicopterMaverick
31%
Whats the brand-name of a phone you get starting with 'W'Whiz
31%

Score Distribution

Percentile by Number Answered

Percent of People with Each Score

Your Score History

You have not taken this quiz